00973 2200349 4500001002100000005001500021035002000036007000300056040001700059100002500076245007100101250001800172300002500190020002200215041000800237082000800245084001400253090001900267264003700286336002100323337003000344338002300374650001800397700003800415700003900453850001000492008004100502504002600543990001800569990001800587990001800605INLIS00000000000482620260516112934 a0010-0122000458ta aSBPUPADbind0 aHerimantoePengarang1 aIlmu Sosial dan Budaya Dasar /cHerimanto; Editor, Rini Rachmatika a.-Ed 1, Cet 8 ax, 218 hal. ;c21 cm a978-979-010-425-9 aind a300 a300 HER i a2X5 TAU d 2-18 a.--Jakarta :bBumi Aksara,c2014 2rdacontentaTeks 2rdamediaaTanpa Perantara 2rdacarrieraVolume 4aSosial Budaya0 aPengarang Ke-2 WinarnoePengarang0 aEditor, Rini RachmatikaePengarang aPUPAD260516 0  aBibliografi, hlm. 209 a14430/BR/2014 a14431/BR/2014 a14432/BR/2014